Kapitál Kritika politickej ekonómie

Salvato in:
Dettagli Bibliografici
Autore principale: Marx, Karl
Natura: Libro
Lingua:slovacco
Pubblicazione: Bratislava Pravda 1985
Edizione:5. vyd.
Tags: Aggiungi Tag
Nessun Tag, puoi essere il primo ad aggiungerne!!

MARC

LEADER 00000nam a2200000 4500
001 c022610
005 20251104114424.4
041 0 |a slo 
044 |a SK 
245 1 0 |a Kapitál  |b Kritika politickej ekonómie  |c Karl Marx ; [Z nem. prel.] Štefan Hererik 
250 |a 5. vyd. 
264 1 |a Bratislava  |b Pravda  |c 1985 
300 |a 2 zv. 
100 1 |a Marx, Karl